[Event "HUN-ch"]
[Site "Budapest"]
[Date "2023.12.17"]
[Round "6"]
[White "Vanczak, Tamas"]
[Black "Terbe, Julianna"]
[Result "1-0"]
[WhiteElo "2422"]
[BlackElo "2279"]
[PlyCount "85"]
[EventDate "2023.12.12"]
[EventType "swiss"]
[EventRounds "9"]
[EventCountry "HUN"]
[SourceTitle "CB52_2023"]
[SourceDate "2023.12.27"]
[SourceVersion "1"]
[SourceVersionDate "2023.12.27"]
[SourceQuality "1"]

1. e4 e5 2. Nf3 Nc6 3. Bc4 Bc5 4. c3 Nf6 5. d3 0-0 6. Nbd2 a6 7. a4 h6 8. Nf1 d5 9. exd5 Nxd5 10. Ng3 Re8 11. 0-0 Ba7 12. a5 Be6 13. Qb3 Rb8 14. Qa2 Nf6 15. Bd2 Qd7 16. Rad1 Rbd8 17. Be3 Bxe3 18. fxe3 Bxc4 19. Qxc4 Nxa5 20. Qa2 Nc6 21. Nh4 Re6 22. Nhf5 Ne7 23. Qc4 Nxf5 24. Nxf5 e4 25. d4 b5 26. Qe2 Qd5 27. Rf4 Kh7 28. Rdf1 g6 29. Ng3 Kg7 30. Qf2 Rdd6 31. Ne2 h5 32. Qg3 Qc4 33. R4f2 Re7 34. Qg5 Ng8 35. Ng3 Kh7 36. Rf4 Qd5 37. Qxd5 Rxd5 38. Rxf7+ Kh6 39. Rxe7 Nxe7 40. Rf7 Nc6 41. Rxc7 Na5 42. Nxe4 Nc4 43. h4 1-0

[Event "HUN-ch"]
[Site "Budapest"]
[Date "2023.12.16"]
[Round "5"]
[White "Prohaszka, Peter"]
[Black "Vanczak, Tamas"]
[Result "1-0"]
[WhiteElo "2579"]
[BlackElo "2422"]
[PlyCount "120"]
[EventDate "2023.12.12"]
[EventType "swiss"]
[EventRounds "9"]
[EventCountry "HUN"]
[SourceTitle "CB52_2023"]
[SourceDate "2023.12.27"]
[SourceVersion "1"]
[SourceVersionDate "2023.12.27"]
[SourceQuality "1"]

1. d4 Nf6 2. c4 e6 3. g3 d5 4. Bg2 Be7 5. Nf3 0-0 6. Nc3 b6 7. 0-0 Bb7 8. Ne5 Ne4 9. cxd5 exd5 10. Bf4 f6 11. Nd3 Na6 12. Rc1 Kh8 13. Be3 Qd7 14. Nf4 f5 15. Nd3 Bf6 16. f3 Nd6 17. Bf2 Rac8 18. Ne5 Qe6 19. f4 Ne4 20. Nxe4 dxe4 21. Qa4 Rfd8 22. Rfd1 c5 23. dxc5 bxc5 24. Rxd8+ Rxd8 25. Rd1 Rxd1+ 26. Qxd1 Bd5 27. a3 Bxe5 28. fxe5 Qxe5 29. Be3 Bg8 30. Qc1 Qd5 31. Bh3 Be6 32. Qc3 Kg8 33. Kf2 h6 34. Bg2 Kf7 35. h4 h5 36. Bf1 Qb3 37. Qa5 Qb6 38. Qc3 Qb3 39. Qa5 Qb6 40. Qd2 Qc6 41. Qc3 Qd5 42. Bh3 Kg6 43. Ke1 Kf7 44. Qa5 Qd6 45. Kf2 Qb6 46. Qd2 Qc7 47. Bf4 Qd7 48. Qa5 Qd4+ 49. Be3 Qd6 50. Qc3 Qd5 51. Ke1 Kg6 52. Bf4 c4 53. Be3 Nc5 54. Qb4 Qe5 55. Qxc5 Qxg3+ 56. Kd2 Qxh3 57. Qe7 Bf7 58. Bxa7 Qb3 59. Bd4 c3+ 60. Ke1 Kh7 1-0

[Event "Arad op 16th"]
[Site "Arad"]
[Date "2023.08.12"]
[Round "8"]
[White "Sargsyan, Shant"]
[Black "Vanczak, Tamas"]
[Result "1/2-1/2"]
[WhiteElo "2639"]
[BlackElo "2408"]
[PlyCount "70"]
[EventDate "2023.08.07"]
[EventType "swiss"]
[EventRounds "9"]
[EventCountry "ROU"]
[SourceTitle "EXT 2024"]
[Source "ChessBase"]
[SourceDate "2023.10.10"]
[SourceVersion "1"]
[SourceVersionDate "2023.10.10"]
[SourceQuality "1"]

1. d4 Nf6 2. c4 e6 3. Nf3 Bb4+ 4. Bd2 c5 5. Bxb4 cxb4 6. a3 bxa3 7. Rxa3 0-0 8. Nc3 d6 9. e4 b6 10. Bd3 Bb7 11. 0-0 Nc6 12. d5 Nb4 13. Nd4 e5 14. Nc2 Nxc2 15. Bxc2 a5 16. Ba4 Ba6 17. Qe2 Nd7 18. Bc6 Ra7 19. Na4 f5 20. exf5 Rxf5 21. f4 Nf6 22. g3 Rf7 23. Rb3 exf4 24. Rxb6 Re5 25. Qxe5 dxe5 26. Rxa6 Qe7 27. c5 e4 28. Rxf4 e3 29. d6 e2 30. Ra8+ Ne8 31. dxe7 e1Q+ 32. Kg2 Qe2+ 33. Kg1 Qe1+ 34. Kg2 Qe2+ 35. Kg1 Qe1+ 1/2-1/2

[Event "Budapest SixDays 09 IM"]
[Site "Budapest"]
[Date "2022.09.19"]
[Round "7"]
[White "Vanczak, Tamas"]
[Black "Szeberenyi, Adam"]
[Result "1/2-1/2"]
[WhiteElo "2379"]
[BlackElo "2320"]
[PlyCount "51"]
[EventDate "2022.09.15"]
[EventType "tourn"]
[EventRounds "9"]
[EventCountry "HUN"]
[EventCategory "2"]
[SourceTitle "CBM 210 Extra"]
[Source "ChessBase"]
[SourceDate "2022.11.30"]
[SourceVersion "1"]
[SourceVersionDate "2022.11.30"]
[SourceQuality "1"]

1. d4 d5 2. Bf4 c5 3. e3 Nc6 4. Nc3 cxd4 5. exd4 Bf5 6. Nf3 e6 7. Be2 Bd6 8. Bxd6 Qxd6 9. Nb5 Qe7 10. 0-0 a6 11. Na3 Qb4 12. Rb1 Nf6 13. c3 Qd6 14. Rc1 b5 15. Nc2 0-0 16. Ne3 Bg6 17. Bd3 Bh5 18. Be2 Ne4 19. Nd2 Nxd2 20. Qxd2 Bxe2 21. Qxe2 e5 22. dxe5 Qxe5 23. Qf3 Rad8 24. Rfe1 Qe4 25. Qg3 d4 26. cxd4 1/2-1/2

[Event "Budapest SixDays 09 IM"]
[Site "Budapest"]
[Date "2022.09.16"]
[Round "3"]
[White "Sahithi Varshini, M."]
[Black "Vanczak, Tamas"]
[Result "0-1"]
[WhiteElo "2270"]
[BlackElo "2379"]
[PlyCount "124"]
[EventDate "2022.09.15"]
[EventType "tourn"]
[EventRounds "9"]
[EventCountry "HUN"]
[EventCategory "2"]
[SourceTitle "CBM 210 Extra"]
[Source "ChessBase"]
[SourceDate "2022.11.30"]
[SourceVersion "1"]
[SourceVersionDate "2022.11.30"]
[SourceQuality "1"]

1. e4 c6 2. d4 d5 3. e5 Bf5 4. h4 a6 5. Nf3 e6 6. Nbd2 Ne7 7. Nb3 Nd7 8. c3 Qc7 9. Be3 Bg4 10. Be2 Nf5 11. Nfd2 Nxe3 12. fxe3 Bxe2 13. Qxe2 f6 14. exf6 Qg3+ 15. Qf2 Qxf2+ 16. Kxf2 Nxf6 17. e4 Be7 18. e5 Ng4+ 19. Ke2 0-0 20. Nf3 b6 21. g3 Rf5 22. Raf1 Raf8 23. Na1 c5 24. Nc2 c4 25. Ne3 Nxe3 26. Kxe3 h5 27. Ke2 b5 28. Ne1 Rxf1 29. Rxf1 Rxf1 30. Kxf1 g5 31. Ng2 Kg7 32. Ke2 a5 33. a3 Kf7 34. Kf3 gxh4 35. gxh4 Bf8 36. Nf4 Bh6 37. Ne2 Bd2 38. Kf2 b4 39. axb4 axb4 40. cxb4 Bxb4 41. Ke3 Be1 42. Nf4 Bxh4 43. Nxh5 Kg6 44. Nf4+ Kf5 45. Kf3 Bg5 46. Ne2 Bd2 47. Nc3 Bc1 48. Na4 Kg6 49. Nc5 Bxb2 50. Nxe6 c3 51. Nf4+ Kg7 52. Nd3 c2 53. Kg4 Kg6 54. Nf4+ Kg7 55. Nd3 Kg6 56. Nf4+ Kf7 57. Nd3 Ke6 58. Nc5+ Ke7 59. Nd3 c1Q 60. Nxc1 Bxc1 61. Kf5 Bb2 62. e6 Bxd4 0-1

[Event "Budapest FS07 GM"]
[Site "Budapest"]
[Date "2022.07.09"]
[Round "7"]
[White "Vanczak, Tamas"]
[Black "Velikanov, Alexander"]
[Result "1/2-1/2"]
[WhiteElo "2391"]
[BlackElo "2337"]
[PlyCount "50"]
[EventDate "2022.07.02"]
[EventType "tourn"]
[EventRounds "9"]
[EventCountry "HUN"]
[EventCategory "6"]
[SourceTitle "EXT 2023"]
[Source "ChessBase"]
[SourceDate "2022.10.05"]
[SourceVersion "1"]
[SourceVersionDate "2022.10.05"]
[SourceQuality "1"]

1. d4 Nf6 2. Nc3 d6 3. Nf3 Nbd7 4. Bf4 c5 5. e3 Qa5 6. Qd2 a6 7. a3 g6 8. Be2 Bg7 9. 0-0 0-0 10. b4 Qd8 11. dxc5 dxc5 12. e4 a5 13. b5 a4 14. Bh6 Qc7 15. Rad1 Ne5 16. Bf4 Nxf3+ 17. Bxf3 e5 18. Bg5 Be6 19. Be3 Rfd8 20. Qc1 Rd4 21. Be2 Qa5 22. Bd2 Qa7 23. Be3 Qa5 24. Bd2 Qa7 25. Be3 Qa5 1/2-1/2

[Event "Budapest FS07 GM"]
[Site "Budapest"]
[Date "2022.07.08"]
[Round "6"]
[White "Stinka, Jakub"]
[Black "Vanczak, Tamas"]
[Result "0-1"]
[WhiteElo "2335"]
[BlackElo "2391"]
[PlyCount "108"]
[EventDate "2022.07.02"]
[EventType "tourn"]
[EventRounds "9"]
[EventCountry "HUN"]
[EventCategory "6"]
[SourceTitle "EXT 2023"]
[Source "ChessBase"]
[SourceDate "2022.10.05"]
[SourceVersion "1"]
[SourceVersionDate "2022.10.05"]
[SourceQuality "1"]

1. d4 Nf6 2. c4 e6 3. Nc3 Bb4 4. e3 b6 5. Bd2 Bb7 6. Nf3 Bxc3 7. Bxc3 Ne4 8. Rc1 d6 9. Bd3 Nxc3 10. Rxc3 Nd7 11. 0-0 0-0 12. e4 c5 13. d5 e5 14. Nd2 Qe7 15. g3 Kh8 16. f4 exf4 17. gxf4 f5 18. Bc2 Nf6 19. exf5 Rae8 20. Nf3 b5 21. b3 b4 22. Rd3 Bc8 23. Ng5 Bxf5 24. Rg3 Bxc2 25. Qxc2 Qe2 26. Qf5 g6 27. Qh3 Nh5 28. Rg2 Qe3+ 29. Qxe3 Rxe3 30. f5 gxf5 31. Ne6 Rf7 32. Rg5 Ng7 33. Nf4 Ne8 34. Kh1 Re4 35. Rfg1 Ng7 36. Rf1 Ne8 37. h3 h6 38. Rg2 Kh7 39. Kh2 Nf6 40. Rgf2 Nd7 41. Ne6 Ne5 42. Rxf5 Rxf5 43. Rxf5 Re2+ 44. Kg3 Rxa2 45. Rxe5 dxe5 46. d6 Rd2 47. d7 a5 48. Nxc5 Kg8 49. Kf3 Rd4 50. Ke3 Kf7 51. Nb7 Rxd7 52. Nxa5 Rc7 53. h4 Ke6 54. Ke4 h5 0-1

[Event "Budapest Vezerkepzo GM 02"]
[Site "Budapest"]
[Date "2022.03.01"]
[Round "7"]
[White "Vanczak, Tamas"]
[Black "Krstulovic, Alex"]
[Result "1/2-1/2"]
[WhiteElo "2365"]
[BlackElo "2395"]
[PlyCount "143"]
[EventDate "2022.02.22"]
[EventType "tourn"]
[EventRounds "9"]
[EventCountry "HUN"]
[EventCategory "6"]
[SourceTitle "EXT 2023"]
[Source "ChessBase"]
[SourceDate "2022.10.05"]
[SourceVersion "1"]
[SourceVersionDate "2022.10.05"]
[SourceQuality "1"]

1. d4 d5 2. Bf4 c5 3. e3 Nc6 4. c3 Qb6 5. Qb3 c4 6. Qc2 e5 7. dxe5 Bf5 8. Qc1 g5 9. Bg3 h5 10. h3 h4 11. Bh2 Bg7 12. Nf3 Nh6 13. Nd4 Nxe5 14. Nxf5 Nxf5 15. Be2 Qg6 16. Qd1 Rd8 17. 0-0 0-0 18. a4 Rfe8 19. Nd2 Nd6 20. Bxe5 Bxe5 21. Nf3 Qf5 22. Nxe5 Qxe5 23. Bf3 Ne4 24. Bxe4 dxe4 25. Qh5 Kg7 26. f4 exf3 27. Rxf3 f6 28. Raf1 Rd6 29. Kh1 Qe4 30. Rf5 Qxe3 31. Rxg5+ Qxg5 32. Qxe8 Rd2 33. Qe7+ Kg6 34. Qxb7 a5 35. Qe4+ Kg7 36. Rg1 Rxb2 37. Qxc4 Rc2 38. Qd3 Rf2 39. Qd4 Rd2 40. Qe4 Rf2 41. c4 Qf4 42. Qd3 Qg5 43. Qc3 Qf5 44. c5 Rc2 45. Qd4 Qxc5 46. Qxh4 Qc4 47. Qg3+ Kf7 48. Qd6 Qe4 49. Qd7+ Kg6 50. Qb5 Ra2 51. Qxa5 Ra3 52. Kh2 Qf4+ 53. g3 Qe4 54. Rg2 Ra1 55. Qc3 Qb1 56. Qc2+ Qxc2 57. Rxc2 Rxa4 58. Kg2 Ra3 59. Rf2 Rb3 60. h4 Ra3 61. Kh3 Ra4 62. Rc2 Ra3 63. Rc8 Rb3 64. Rc5 Rb1 65. h5+ Kh6 66. Kh4 Rb4+ 67. g4 Rb1 68. Rf5 Kg7 69. Rf3 Rg1 70. Rd3 Rh1+ 71. Kg3 f5 72. gxf5 1/2-1/2

[Event "Budapest Vezerkepzo GM 02"]
[Site "Budapest"]
[Date "2022.02.26"]
[Round "5"]
[White "Vanczak, Tamas"]
[Black "Novik, Maxim"]
[Result "0-1"]
[WhiteElo "2365"]
[BlackElo "2430"]
[PlyCount "121"]
[EventDate "2022.02.22"]
[EventType "tourn"]
[EventRounds "9"]
[EventCountry "HUN"]
[EventCategory "6"]
[SourceTitle "EXT 2023"]
[Source "ChessBase"]
[SourceDate "2022.10.05"]
[SourceVersion "1"]
[SourceVersionDate "2022.10.05"]
[SourceQuality "1"]

1. d4 Nf6 2. Bg5 c5 3. d5 Qb6 4. Nc3 Qxb2 5. Bd2 Qb6 6. e4 d6 7. f4 e5 8. fxe5 dxe5 9. Nf3 Nbd7 10. Bc4 a6 11. a4 Bd6 12. 0-0 Qd8 13. Bg5 h6 14. Bd2 Nf8 15. Nh4 Ng6 16. Nf5 Bxf5 17. Rxf5 0-0 18. g3 Ne8 19. Qg4 Be7 20. d6 Qxd6 21. Nd5 Nf6 22. Rxf6 Bxf6 23. Rf1 Bd8 24. a5 Kh7 25. Qh3 Rb8 26. Be3 Qc6 27. Rf5 b5 28. axb6 Rxb6 29. Nxb6 Qxb6 30. Bxf7 Bf6 31. Bxg6+ Kxg6 32. g4 Qb4 33. Qf3 Qb1+ 34. Kg2 Qxc2+ 35. Kg3 Rd8 36. h4 Qd1 37. g5 hxg5 38. hxg5 Qxf3+ 39. Kxf3 Be7 40. Rxe5 Bd6 41. Rd5 Be7 42. Re5 Bd6 43. Rd5 a5 44. Bxc5 Bc7 45. Be7 Rxd5 46. exd5 Kf7 47. d6 Bb6 48. Ke4 Ke8 49. Kf5 Bd8 50. Kg6 Bxe7 51. dxe7 a4 52. Kxg7 a3 53. g6 a2 54. Kh7 a1Q 55. g7 Qh1+ 56. Kg8 Qd5+ 57. Kh8 Qh5+ 58. Kg8 Kd7 59. e8Q+ Qxe8+ 60. Kh7 Qh5+ 61. Kg8 0-1

[Event "Budapest Vezerkepzo GM 02"]
[Site "Budapest"]
[Date "2022.02.23"]
[Round "2"]
[White "Milikow, Yoav"]
[Black "Vanczak, Tamas"]
[Result "1/2-1/2"]
[WhiteElo "2313"]
[BlackElo "2365"]
[PlyCount "55"]
[EventDate "2022.02.22"]
[EventType "tourn"]
[EventRounds "9"]
[EventCountry "HUN"]
[EventCategory "6"]
[SourceTitle "EXT 2023"]
[Source "ChessBase"]
[SourceDate "2022.10.05"]
[SourceVersion "1"]
[SourceVersionDate "2022.10.05"]
[SourceQuality "1"]

1. d4 Nf6 2. c4 e6 3. Nc3 Bb4 4. e3 0-0 5. Bd2 b6 6. Bd3 Bb7 7. Nge2 d5 8. 0-0 Nbd7 9. Nxd5 Nxd5 10. cxd5 Bxd2 11. Qxd2 Bxd5 12. Qc2 h6 13. Rfd1 Bb7 14. Bh7+ Kh8 15. Be4 Bxe4 16. Qxe4 c5 17. dxc5 Nxc5 18. Rxd8 Nxe4 19. Rd4 Nf6 20. Nc3 Rfd8 21. Rad1 Rxd4 22. Rxd4 Rc8 23. Kf1 Kg8 24. Ke2 Kf8 25. f4 g5 26. Kd3 Ke7 27. Ra4 a5 28. Rd4 1/2-1/2

[Event "Budapest Vezerkepzo GM 02"]
[Site "Budapest"]
[Date "2022.02.22"]
[Round "1"]
[White "Vanczak, Tamas"]
[Black "Aczel, Gergely"]
[Result "1-0"]
[WhiteElo "2365"]
[BlackElo "2545"]
[PlyCount "83"]
[EventDate "2022.02.22"]
[EventType "tourn"]
[EventRounds "9"]
[EventCountry "HUN"]
[EventCategory "6"]
[SourceTitle "EXT 2023"]
[Source "ChessBase"]
[SourceDate "2022.10.05"]
[SourceVersion "1"]
[SourceVersionDate "2022.10.05"]
[SourceQuality "1"]

1. d4 Nf6 2. Bf4 e6 3. e3 b6 4. Nd2 Bb7 5. Ngf3 Nh5 6. Bg5 Be7 7. Bxe7 Qxe7 8. Bd3 d6 9. Qe2 a5 10. 0-0-0 Nd7 11. g4 Nhf6 12. Rhg1 h6 13. h4 g6 14. g5 Nh5 15. Ne4 Ng7 16. Nc3 h5 17. Nd2 0-0 18. f4 Nf5 19. Qf2 d5 20. e4 dxe4 21. Ndxe4 Rfd8 22. Rge1 Qb4 23. Be2 Bxe4 24. Nxe4 c6 25. a3 Qf8 26. c4 Nd6 27. Ng3 Nf5 28. Ne4 Rab8 29. d5 cxd5 30. cxd5 Nc5 31. Nf6+ Kg7 32. Bf3 exd5 33. Bxd5 Nd7 34. Be4 Nxf6 35. gxf6+ Kxf6 36. Bxf5 gxf5 37. Rxd8 Rxd8 38. Qg3 Rc8+ 39. Kb1 Qg8 40. Qe3 Qh8 41. Qe7+ Kg7 42. Rg1+ 1-0

[Event "Budapest FS07 GM"]
[Site "Budapest"]
[Date "2021.07.12"]
[Round "9"]
[White "Pribelszky, Bence"]
[Black "Vanczak, Tamas"]
[Result "0-1"]
[WhiteElo "2343"]
[BlackElo "2365"]
[PlyCount "48"]
[EventDate "2021.07.03"]
[EventType "tourn"]
[EventRounds "9"]
[EventCountry "HUN"]
[EventCategory "6"]
[SourceTitle "CBM 203 Extra"]
[Source "ChessBase"]
[SourceDate "2021.09.30"]
[SourceVersion "1"]
[SourceVersionDate "2021.09.30"]
[SourceQuality "1"]

1. d4 Nf6 2. Nf3 e6 3. c4 d5 4. Nc3 Be7 5. Bg5 0-0 6. e3 h6 7. Bh4 Ne4 8. Bxe7 Qxe7 9. Qc2 c6 10. Bd3 Nxc3 11. bxc3 dxc4 12. Bxc4 Nd7 13. 0-0 b6 14. Rfd1 Bb7 15. Rac1 Rfd8 16. h3 c5 17. Qe2 Nf6 18. Ne5 Rac8 19. Ba6 cxd4 20. cxd4 Rxc1 21. Rxc1 Qa3 22. Bxb7 Qxc1+ 23. Kh2 Qc7 24. Ba6 Nd7 0-1

[Event "Budapest FS07 GM"]
[Site "Budapest"]
[Date "2021.07.11"]
[Round "8"]
[White "Vanczak, Tamas"]
[Black "Manish, Anto Cristiano F"]
[Result "1/2-1/2"]
[WhiteElo "2365"]
[BlackElo "2354"]
[PlyCount "100"]
[EventDate "2021.07.03"]
[EventType "tourn"]
[EventRounds "9"]
[EventCountry "HUN"]
[EventCategory "6"]
[SourceTitle "CBM 203 Extra"]
[Source "ChessBase"]
[SourceDate "2021.09.30"]
[SourceVersion "1"]
[SourceVersionDate "2021.09.30"]
[SourceQuality "1"]

1. d4 Nf6 2. Bg5 d5 3. Bxf6 exf6 4. e3 Be6 5. Bd3 Bd6 6. Nd2 f5 7. Qf3 Qf6 8. Ne2 c6 9. 0-0-0 Nd7 10. Nf4 0-0-0 11. h4 Qe7 12. c4 Nf6 13. cxd5 cxd5 14. Kb1 Kb8 15. Nf1 Rc8 16. Ng3 Ne4 17. Bc2 Qc7 18. Bb3 Qa5 19. Nxe6 fxe6 20. Nxe4 dxe4 21. Qh5 g6 22. Qh6 Qc7 23. Rc1 Qd7 24. Qg5 Be7 25. Qg3+ Bd6 26. Qh3 e5 27. Rcd1 exd4 28. Rxd4 Qe7 29. Rhd1 Rhd8 30. g3 Be5 31. Rxd8 Rxd8 32. Qf1 a6 33. Qe2 Bf6 34. Rxd8+ Qxd8 35. Qd1 Qxd1+ 36. Bxd1 h5 37. Bb3 g5 38. hxg5 Bxg5 39. Be6 h4 40. Bxf5 hxg3 41. fxg3 Bxe3 42. Bxe4 Kc7 43. Kc2 b6 44. Kd3 Bc1 45. b3 Kd6 46. Bb7 a5 47. Ke4 Ke6 48. g4 Kf6 49. Kd5 Ba3 50. Kc6 Bc5 1/2-1/2

[Event "Budapest FS07 GM"]
[Site "Budapest"]
[Date "2021.07.06"]
[Round "4"]
[White "Vanczak, Tamas"]
[Black "Murphy, Conor"]
[Result "1-0"]
[WhiteElo "2365"]
[BlackElo "2394"]
[PlyCount "103"]
[EventDate "2021.07.03"]
[EventType "tourn"]
[EventRounds "9"]
[EventCountry "HUN"]
[EventCategory "6"]
[SourceTitle "CBM 203 Extra"]
[Source "ChessBase"]
[SourceDate "2021.09.30"]
[SourceVersion "1"]
[SourceVersionDate "2021.09.30"]
[SourceQuality "1"]

1. d4 d5 2. Nf3 Nf6 3. Bg5 Ne4 4. Bh4 h5 5. Nfd2 g5 6. Nxe4 gxh4 7. Nec3 Bf5 8. e3 e6 9. Be2 Qg5 10. Rg1 Nc6 11. Bd3 Bd6 12. f4 Qg6 13. Bxf5 Qxf5 14. Qd3 Qg4 15. a3 0-0-0 16. Nd2 f6 17. Ne2 e5 18. h3 Qe6 19. 0-0-0 Rhg8 20. Kb1 e4 21. Qb3 Ne7 22. c4 c6 23. Nc3 Kb8 24. cxd5 cxd5 25. Ka1 f5 26. Qa4 Rc8 27. Rc1 a6 28. Qd1 Qf7 29. Qe1 Qf6 30. Qd1 Rg3 31. Nf1 Rg7 32. Qxh5 Bxf4 33. exf4 Qxd4 34. Nh2 Qd2 35. Qh6 Rg6 36. Qxh4 Rb6 37. Rb1 Rxc3 38. Qxe7 Rc2 39. Qe5+ Ka7 40. Rgd1 Qxg2 41. Nf1 Qxh3 42. Qd4 Re2 43. Rd2 Rxd2 44. Qxd2 Qf3 45. Ne3 Qxf4 46. Rf1 Qd6 47. Rxf5 d4 48. Nc4 e3 49. Qd3 Qe6 50. Re5 Qf6 51. Qxd4 e2 52. Qxb6+ 1-0

[Event "Budapest FS07 GM"]
[Site "Budapest"]
[Date "2021.07.05"]
[Round "3"]
[White "Nagy, Gabor"]
[Black "Vanczak, Tamas"]
[Result "1-0"]
[WhiteElo "2523"]
[BlackElo "2365"]
[PlyCount "105"]
[EventDate "2021.07.03"]
[EventType "tourn"]
[EventRounds "9"]
[EventCountry "HUN"]
[EventCategory "6"]
[SourceTitle "CBM 203 Extra"]
[Source "ChessBase"]
[SourceDate "2021.09.30"]
[SourceVersion "1"]
[SourceVersionDate "2021.09.30"]
[SourceQuality "1"]

1. Nf3 Nf6 2. c4 e6 3. Nc3 Bb4 4. g3 b6 5. Bg2 Bb7 6. 0-0 0-0 7. d3 Be7 8. e4 d6 9. Qe2 c5 10. d4 cxd4 11. Nxd4 Qc8 12. b3 a6 13. Bb2 Nbd7 14. Kh1 Qc7 15. f4 Rfe8 16. Rae1 Rad8 17. Nc2 Nf8 18. Ne3 Qb8 19. Bf3 Qa8 20. Qg2 N6d7 21. Rd1 Nc5 22. Ng4 Rc8 23. f5 h5 24. Nf2 Bf6 25. g4 Nh7 26. b4 Nd7 27. Rxd6 Ne5 28. fxe6 Rxe6 29. Rxe6 fxe6 30. gxh5 Ng5 31. Nd5 Nexf3 32. Nxf6+ gxf6 33. Ng4 f5 34. Rxf3 Bxe4 35. Nf6+ Kf7 36. Qxg5 Bxf3+ 37. Kg1 Rg8 38. Nxg8 Qxg8 39. Qxg8+ Kxg8 40. h6 Kh7 41. Kf2 Bc6 42. Bg7 f4 43. Be5 f3 44. Bf4 Kg6 45. a3 b5 46. c5 Bd5 47. Kg3 Bc6 48. Be3 Bd5 49. Kg4 e5 50. h4 Ba8 51. h5+ Kh7 52. Kf5 e4 53. Ke6 1-0

[Event "Budapest FS11 GM"]
[Site "Budapest"]
[Date "2020.11.17"]
[Round "9"]
[White "Arkell, Keith C"]
[Black "Vanczak, Tamas"]
[Result "0-1"]
[WhiteElo "2383"]
[BlackElo "2350"]
[PlyCount "134"]
[EventDate "2020.11.07"]
[EventType "tourn"]
[EventRounds "9"]
[EventCountry "HUN"]
[SourceTitle "CBM 199 Extra"]
[Source "ChessBase"]
[SourceDate "2021.01.31"]
[SourceVersion "1"]
[SourceVersionDate "2021.01.31"]
[SourceQuality "1"]

1. d4 Nf6 2. Nf3 e6 3. c4 Bb4+ 4. Bd2 Bxd2+ 5. Qxd2 0-0 6. Nc3 d6 7. e4 e5 8. Be2 Nc6 9. d5 Ne7 10. c5 Ng6 11. cxd6 cxd6 12. h3 Bd7 13. a4 Nf4 14. Bf1 Qb6 15. g3 Ng6 16. Bg2 Qb4 17. Ng1 h5 18. h4 Ng4 19. f3 Nh6 20. Nge2 Qc5 21. Nc1 a5 22. Nd3 Qb6 23. Qf2 Qd8 24. Qe3 f5 25. Qg5 Rf6 26. exf5 Bxf5 27. Ne4 Bxe4 28. fxe4 Qb6 29. Qd2 Raf8 30. Bh3 Qd4 31. Qe2 Rf3 32. 0-0-0 Qe3+ 33. Qxe3 Rxe3 34. Be6+ Kh7 35. Rhg1 Rff3 36. Kc2 Rxg3 37. Rxg3 Rxg3 38. b4 axb4 39. Rb1 Rg2+ 40. Kb3 Nxh4 41. a5 Nf3 42. Kxb4 Rd2 43. Nb2 Rd4+ 44. Kb5 Nd2 45. Rd1 Nxe4 46. Rxd4 exd4 47. Nd3 Nd2 48. Kb4 h4 49. Bc8 Nf7 50. Bxb7 h3 51. Nf2 h2 52. Bc8 g6 53. a6 Ne5 54. Nh1 Ndc4 55. a7 Nb6 56. Bb7 d3 57. Kc3 Kh6 58. Kd2 Kg5 59. Ke3 Kh4 60. Kf2 g5 61. a8Q Nxa8 62. Bxa8 g4 63. Kg2 d2 64. Nf2 g3 65. Nd1 Ng4 66. Bc6 Nf2 67. Nxf2 gxf2 0-1

[Event "Budapest FS11 GM"]
[Site "Budapest"]
[Date "2020.11.11"]
[Round "5"]
[White "Subelj, Jan"]
[Black "Vanczak, Tamas"]
[Result "1-0"]
[WhiteElo "2403"]
[BlackElo "2350"]
[PlyCount "75"]
[EventDate "2020.11.07"]
[EventType "tourn"]
[EventRounds "9"]
[EventCountry "HUN"]
[SourceTitle "CBM 199 Extra"]
[Source "ChessBase"]
[SourceDate "2021.01.31"]
[SourceVersion "1"]
[SourceVersionDate "2021.01.31"]
[SourceQuality "1"]

1. e4 c6 2. d4 d5 3. f3 e6 4. Nc3 Bb4 5. Bf4 Ne7 6. a3 Bxc3+ 7. bxc3 0-0 8. Bd3 b6 9. Rb1 Ba6 10. Ne2 Qc8 11. 0-0 Rd8 12. e5 c5 13. Bg5 Nbc6 14. Ng3 Rd7 15. f4 cxd4 16. cxd4 Bxd3 17. Qxd3 h6 18. Bf6 gxf6 19. exf6 Ng6 20. f5 exf5 21. Nxf5 Qf8 22. Qh3 Kh7 23. Nxh6 Qxh6 24. Qxd7 Qe3+ 25. Kh1 Qe6 26. Qxe6 fxe6 27. Rbe1 Nxd4 28. c3 Nb5 29. Rxe6 Nxc3 30. f7 Rf8 31. Rff6 Nh8 32. Re8 Kg7 33. Rxf8 Kxf8 34. Rc6 Nb1 35. Rc8+ Kxf7 36. Rxh8 Nxa3 37. Rh7+ Kf6 38. Rxa7 1-0

[Event "Budapest FS11 GM"]
[Site "Budapest"]
[Date "2020.11.09"]
[Round "3"]
[White "Vanczak, Tamas"]
[Black "Mendonca, Leon Luke"]
[Result "0-1"]
[WhiteElo "2350"]
[BlackElo "2516"]
[PlyCount "46"]
[EventDate "2020.11.07"]
[EventType "tourn"]
[EventRounds "9"]
[EventCountry "HUN"]
[SourceTitle "CBM 199 Extra"]
[Source "ChessBase"]
[SourceDate "2021.01.31"]
[SourceVersion "1"]
[SourceVersionDate "2021.01.31"]
[SourceQuality "1"]

1. d4 Nf6 2. Nf3 e6 3. Bg5 h6 4. Bh4 b6 5. Nbd2 Bb7 6. e3 d6 7. Bd3 g5 8. Bg3 Nh5 9. Bb5+ Nd7 10. Ne5 Nxg3 11. Bxd7+ Ke7 12. Nxf7 Kxf7 13. Bxe6+ Kxe6 14. fxg3 Qf6 15. Qh5 Qf7 16. Qg4+ Ke7 17. 0-0-0 Bg7 18. Rhf1 Qe6 19. Qh5 Raf8 20. h4 Rxf1 21. Rxf1 Rf8 22. hxg5 Rxf1+ 23. Nxf1 Bxg2 0-1